| 000 | 00449nam a2200181Ia 4500 | ||
|---|---|---|---|
| 001 | 1186 | ||
| 005 | 20260306140613.0 | ||
| 008 | 260306t1994||||xx |||||||||||||| ||spa|| | ||
| 041 | _aESP | ||
| 082 |
_a189 _bA32 T. 1 1994 |
||
| 100 |
_aSan Agustin _eAUT |
||
| 245 | 0 |
_aObras completas de San Agustín: _bescritos filosóficos |
|
| 260 | _c1994 | ||
| 300 |
_a772 páginas : _c20 cm. |
||
| 650 | _aGEN | ||
| 654 | _aCHU | ||
| 942 |
_cLIB _dJUS _fJUS _2ddc _n |
||
| 999 |
_c1186 _d1186 |
||